000 00551nam a2200193Ia 4500
005 20250508163716.0
008 008 250505s9999 xx 000 0 hin d
037 _aTextual
040 _aFEDL
_beng
_cFEDL
041 _ahin
_2eng
084 _a181.4, BHA
_qFEDL
100 _aBhandari D. R.
245 0 _aChintan ke aayam awam anya darshnik lekh
260 _aJodhpur, India
_bRajasthani Granthaga
_c1995
300 _avi,101p.
650 _aOriental Philosophy
_9755543
942 _cTEXL
_h181.4, BHA
999 _c1384830
_d1384830